| 000 | 00539nam a2200145Ia 4500 | ||
|---|---|---|---|
| 008 | 140724s9999 xx 000 0 und d | ||
| 050 |
_aBF 698 _b.B929 2013 |
||
| 100 | _aBufi, Dennis J. | ||
| 245 |
_aPersonality types and level of marital satisfaction of selected married employees in Southviile International School and Colleges / _cDennis J. Bufi. |
||
| 260 |
_aLas PiƱas, Philippines : _bSouthville International School and Colleges, _cc2013. |
||
| 300 |
_a64 p. : _c28 cm. |
||
| 521 | _aPsychology | ||
| 942 | _cTH | ||
| 999 |
_c229094 _d229094 |
||